Planificación para la construccción de las obras del proyecto de riego del Río Itiquis
Gardado en:
| Autor Principal: | |
|---|---|
| Outros autores: | |
| Formato: | Desconocido |
| Publicado: |
[San José : Costa Rica]
1982
|
| Materias: | |
| Etiquetas: |
Engadir etiqueta
Sen Etiquetas, Sexa o primeiro en etiquetar este rexistro!
|
MARC
| LEADER | 00000 a2200000 4500 | ||
|---|---|---|---|
| 003 | 001801 | ||
| 005 | 20221231143749.0 | ||
| 008 | 140114s1982 cr a m 000 ||s d | ||
| 040 | |c cru CEDI | ||
| 090 | |a TFG 1212 | ||
| 100 | |a Chacón Pacheco, Rafael |9 15523 | ||
| 245 | |a Planificación para la construccción de las obras del proyecto de riego del Río Itiquis | ||
| 260 | |c 1982 |a [San José : Costa Rica] | ||
| 300 | |a [141] hojas : ilustraciones (algunas plegables) ; 28 cm | ||
| 500 | |a Proyecto de graduación (licenciatura en ingeniería civil)--Universidad de Costa Rica. Facultad de Ingeniería. Escuela de Ingeniería Civil | ||
| 650 | |x PROYECTO DE RIEGO DEL RIO ITIQUIS |x RIEGO - COSTA RICA |9 15525 | ||
| 700 | |9 15524 |a Ulett Martínez, Benjamín Roberto | ||
| 942 | |c TFG | ||
| 999 | |c 11449 |d 11449 | ||
